000 00265nam a2200121Ia 4500
008 190216s9999||||xx |||||||||||||| ||und||
100 _aSingh Inderbir
245 0 _aHuman Embryology
260 _bMacmillan
_c1976
300 _a361p
650 _aBotany
942 _cBK
999 _c1343
_d1343